| 000 | 00953nam a22002417a 4500 | ||
|---|---|---|---|
| 005 | 20240530110435.0 | ||
| 008 | 150328s2011 ua f 000 e ara d | ||
| 017 |
_a2010/14058 _bمصر . دار الكتب المصرية |
||
| 020 | _a9789770928837 | ||
| 040 | _aEG-CaGPL | ||
| 082 | 0 | 4 |
_221 _a818.03 _bق/ب س |
| 100 | 0 | _aبلال فضل | |
| 245 | 0 | 2 |
_aالسكان الاصليين لمصر : _bحكايات عن عبقرية المكان وبلادة الحكام وطرمخة البشر / _cبلال فضل |
| 250 | _aط2 | ||
| 260 |
_aالقاهرة : _bدار الشروق ، _c2011 |
||
| 300 |
_a229 ص ؛ _c24 سم |
||
| 651 | 0 | 4 |
_aمصر _vمقالات ومحاضرات |
| 651 | 0 | 4 |
_aمصر _xالاحوال السياسية |
| 651 | 0 | 4 |
_aمصر _vمقالات _xالاحوال السياسية |
| 651 | 0 | 4 |
_aمصر _vمقالات _xالاحوال الاجتماعية |
| 942 |
_2ddc _cBK |
||
| 999 |
_c60940 _d60940 |
||